000
00344 a2200169 4500
001
171893
020
_a
040
_c
Magnum
100
_a
Souza, Ângela Leite de
240
1
0
_a
O médico mágico
_l
por
245
1
0
_a
O médico mágico
300
_a
24
362
0
_a
1987
440
1
_a
FTD
697
_a
LITERATURA INFANTO
942
_c
BK
999
_c
171893
_d
171893